[Event "DEN-ch KK 2020"]
[Site "Svendborg"]
[Date "2020.10.12"]
[Round "1.1"]
[White "Carstensen, Jacob"]
[Black "Thorsbro, Peter"]
[Result "1/2-1/2"]
[WhiteElo "2350"]
[BlackElo "2165"]
[Annotator "RC"]
[PlyCount "43"]
[EventDate "2020.10.09"]
[EventType "tourn"]
[EventCountry "DEN"]
[SourceTitle "playchess.com"]
[Source "ChessBase"]
[SourceQuality "1"]
[TimeControl "40/5400+30:1800+30"]

1. d4 {[%emt 0:00:00]} d5 {[%emt 0:00:00]} 2. c4 {[%emt 0:00:00]} e6 {[%emt 0:00:00]} 3. Nc3 {[%emt 0:00:00]} a6 {[%emt 0:00:00]} 4. cxd5 {[%emt 0:00:00]} exd5 {[%emt 0:00:00]} 5. Nf3 {[%emt 0:00:01]} Nf6 {[%emt 0:00:33]} 6. Bg5 {[%emt 0:00:38]} Be6 {[%emt 0:01:38]} 7. e3 {[%emt 0:00:34]} c6 {[%emt 0:01:00]} 8. Bd3 {[%emt 0:00:14]} Bd6 {[%emt 0:09:05]} 9. O-O {[%emt 0:06:29]} Nbd7 {[%emt 0:00:54]} 10. e4 {[%emt 0:03:46]} dxe4 {[%emt 0:01:15]} 11. Nxe4 {[%emt 0:00:24]} Be7 {[%emt 0:00:42]} 12. Re1 {[%emt 0:05:56]} O-O {[%emt 0:14:47]} 13. Qc2 {[%emt 0:15:01]} h6 {[%emt 0:17:23]} 14. Bd2 {[%emt 0:07:19]} Bd5 {[%emt 0:07:39]} 15. Rad1 {[%emt 0:02:10]} Nxe4 {[%emt 0:01:36]} 16. Bxe4 {[%emt 0:00:08]} Nf6 {[%emt 0:00:20]} 17. Bxd5 {[%emt 0:01:11]} Nxd5 {[%emt 0:00:02]} 18. Qf5 {[%emt 0:01:15]} Bb4 {[%emt 0:04:13]} 19. Ne5 {[%emt 0:03:04]} Bxd2 {[%emt 0:04:23]} 20. Rxd2 {[%emt 0:00:06]} Qa5 {[%emt 0:01:16]} 21. Rde2 {[%emt 0:00:20]} Nf6 {[%emt 0:00:27]} 22. a3 {[%emt 0:01:28]} 1/2-1/2

[Event "DEN-ch KK 2020"]
[Site "Svendborg"]
[Date "2020.10.12"]
[Round "1.2"]
[White "Kistrup, Nicolai"]
[Black "Matthiesen, Martin"]
[Result "1/2-1/2"]
[WhiteElo "2128"]
[BlackElo "2301"]
[Annotator "NA"]
[PlyCount "65"]
[EventDate "2020.10.09"]
[EventType "tourn"]
[EventCountry "DEN"]
[SourceTitle "playchess.com"]
[Source "ChessBase"]
[SourceQuality "1"]
[TimeControl "40/5400+30:1800+30"]

1. d4 {[%emt 0:00:00]} d5 {[%emt 0:00:00]} 2. c4 {[%emt 0:00:00]} c6 {[%emt 0:00:00]} 3. Nf3 {[%emt 0:00:00]} Nf6 {[%emt 0:00:00]} 4. e3 {[%emt 0:00:18]} Bg4 {[%emt 0:00:00]} 5. Nc3 {[%emt 0:02:33]} e6 {[%emt 0:00:36]} 6. h3 {[%emt 0:00:43]} Bh5 {[%emt 0:00:24]} 7. g4 {[%emt 0:03:13]} Bg6 {[%emt 0:00:06]} 8. Ne5 {[%emt 0:00:37]} Nbd7 {[%emt 0:04:23]} 9. Nxg6 {[%emt 0:01:45]} hxg6 {[%emt 0:00:08]} 10. g5 {[%emt 0:04:48]} Ne4 {[%emt 0:12:05]} 11. Nxe4 {[%emt 0:07:21]} dxe4 {[%emt 0:00:07]} 12. h4 {[%emt 0:05:00]} Bb4+ {[%emt 0:12:08]} 13. Bd2 {[%emt 0:02:00]} Qa5 {[%emt 0:03:11]} 14. Bxb4 {[%emt 0:06:37]} Qxb4+ {[%emt 0:00:07]} 15. Qd2 {[%emt 0:00:08]} Qxd2+ {[%emt 0:05:35]} 16. Kxd2 {[%emt 0:00:09]} f5 {[%emt 0:00:23]} 17. c5 {[%emt 0:27:10]} Ke7 {[%emt 0:13:29]} 18. Bc4 {[%emt 0:06:39]} Rh7 {[%emt 0:09:44]} 19. Rh3 {[%emt 0:03:56]} b6 {[%emt 0:07:50]} 20. cxb6 {[%emt 0:12:15]} Nxb6 {[%emt 0:04:03]} 21. Bb3 {[%emt 0:05:44]} Rah8 {[%emt 0:02:06]} 22. Rc1 {[%emt 0:06:31]} Kd6 {[%emt 0:15:28]} 23. Rc5 {[%emt 0:02:09]} Rxh4 {[%emt 0:05:45]} 24. Rxh4 {[%emt 0:00:17]} Rxh4 {[%emt 0:00:04]} 25. Ra5 {[%emt 0:00:11]} Rg4 {[%emt 0:00:53]} 26. Rxa7 {[%emt 0:00:11]} Rxg5 {[%emt 0:00:06]} 27. a4 {[%emt 0:02:36]} Rg2 {[%emt 0:00:54]} 28. Ke2 {[%emt 0:00:27]} Rg1 {[%emt 0:00:19]} 29. Rb7 {[%emt 0:00:35]} Nd5 {[%emt 0:00:53]} 30. Bxd5 {[%emt 0:00:30]} exd5 {[%emt 0:02:31]} 31. Rxg7 {[%emt 0:00:28]} Ra1 {[%emt 0:01:04]} 32. Rxg6+ {[%emt 0:00:19]} Kd7 {[%emt 0:00:31]} 33. Rf6 {[%emt 0:00:42]} 1/2-1/2

[Event "DEN-ch KK 2020"]
[Site "Svendborg"]
[Date "2020.10.12"]
[Round "1.3"]
[White "Jaksland, Tim"]
[Black "Guindy, Esmat Susanne"]
[Result "1-0"]
[WhiteElo "2247"]
[BlackElo "2131"]
[Annotator "NA"]
[PlyCount "63"]
[EventDate "2020.10.09"]
[EventType "tourn"]
[EventCountry "DEN"]
[SourceTitle "playchess.com"]
[Source "ChessBase"]
[SourceQuality "1"]
[TimeControl "40/5400+30:1800+30"]

1. e4 {[%emt 0:00:00]} e6 {[%emt 0:00:11]} 2. d4 {[%emt 0:00:00]} d5 {[%emt 0:00:05]} 3. Bd3 {[%emt 0:00:00]} Nf6 {[%emt 0:02:18]} 4. e5 {[%emt 0:00:11]} Nfd7 {[%emt 0:00:31]} 5. c3 {[%emt 0:00:32]} c5 {[%emt 0:00:15]} 6. Ne2 {[%emt 0:00:13]} Nc6 {[%emt 0:00:46]} 7. a3 {[%emt 0:00:45]} c4 {[%emt 0:22:10]} 8. Bc2 {[%emt 0:00:39]} b5 {[%emt 0:00:55]} 9. O-O {[%emt 0:08:53]} a5 {[%emt 0:00:53]} 10. Nf4 {[%emt 0:08:00]} Nb6 {[%emt 0:08:08]} 11. Nh5 {[%emt 0:10:09]} Ra7 {[%emt 0:03:30]} 12. Re1 {[%emt 0:08:32]} Qe7 {[%emt 0:14:51]} 13. Nd2 {[%emt 0:07:01]} Kd8 {[%emt 0:03:20]} 14. Qg4 {[%emt 0:15:08]} f5 {[%emt 0:03:46]} 15. exf6 {[%emt 0:03:18]} gxf6 {[%emt 0:00:17]} 16. Nf3 {[%emt 0:01:27]} Qf7 {[%emt 0:12:28]} 17. Nxf6 {[%emt 0:04:16]} Be7 {[%emt 0:00:49]} 18. Ne5 {[%emt 0:04:38]} Nxe5 {[%emt 0:00:07]} 19. dxe5 {[%emt 0:00:06]} Bxf6 {[%emt 0:00:47]} 20. exf6 {[%emt 0:01:05]} e5 {[%emt 0:07:22]} 21. Qg7 {[%emt 0:06:29]} Re8 {[%emt 0:04:37]} 22. Be3 {[%emt 0:01:46]} Re6 {[%emt 0:03:52]} 23. Bxb6+ {[%emt 0:02:09]} Rxb6 {[%emt 0:00:07]} 24. Rxe5 {[%emt 0:01:09]} Qxg7 {[%emt 0:02:29]} 25. fxg7 {[%emt 0:00:07]} Rxg7 {[%emt 0:00:07]} 26. Rxd5+ {[%emt 0:02:08]} Kc7 {[%emt 0:00:13]} 27. Rc5+ {[%emt 0:01:27]} Kb8 {[%emt 0:00:16]} 28. Re1 {[%emt 0:01:24]} Bb7 {[%emt 0:00:56]} 29. g3 {[%emt 0:01:46]} Rd7 {[%emt 0:00:48]} 30. Rce5 {[%emt 0:03:13]} Rd2 {[%emt 0:01:08]} 31. R1e2 {[%emt 0:01:46]} Rbd6 {[%emt 0:00:17]} 32. f4 {[%emt 0:00:34]} 1-0

[Event "DEN-ch KK 2020"]
[Site "Svendborg"]
[Date "2020.10.12"]
[Round "1.4"]
[White "Kolbak, Jens"]
[Black "Georgescu, Lena"]
[Result "1/2-1/2"]
[WhiteElo "2114"]
[BlackElo "2276"]
[Annotator "NA"]
[PlyCount "90"]
[EventDate "2020.10.09"]
[EventType "tourn"]
[EventCountry "DEN"]
[SourceTitle "playchess.com"]
[Source "ChessBase"]
[SourceQuality "1"]
[TimeControl "40/5400+30:1800+30"]

1. d4 {[%emt 0:00:00]} Nf6 {[%emt 0:00:00]} 2. Nf3 {[%emt 0:00:00]} e6 {[%emt 0:00:00]} 3. c4 {[%emt 0:01:24]} d5 {[%emt 0:00:09]} 4. Nc3 {[%emt 0:00:30]} dxc4 {[%emt 0:00:12]} 5. e3 {[%emt 0:01:48]} a6 {[%emt 0:00:06]} 6. Bxc4 {[%emt 0:00:56]} b5 {[%emt 0:00:45]} 7. Bd3 {[%emt 0:02:42]} Bb7 {[%emt 0:00:08]} 8. O-O {[%emt 0:01:08]} Nbd7 {[%emt 0:01:55]} 9. Qe2 {[%emt 0:06:09]} c5 {[%emt 0:02:28]} 10. Rd1 {[%emt 0:03:43]} Qb6 $11 {[%emt 0:14:13]} 11. a4 {[%emt 0:13:53]} b4 {[%emt 0:00:23]} 12. Nb1 {[%emt 0:03:11]} Be7 {[%emt 0:02:12]} 13. Nbd2 {[%emt 0:00:21]} O-O {[%emt 0:05:03]} 14. Nc4 {[%emt 0:02:07]} Qc7 {[%emt 0:02:04]} 15. Bd2 {[%emt 0:02:58]} Ne4 {[%emt 0:10:23]} 16. Be1 {[%emt 0:00:42]} a5 {[%emt 0:05:08]} 17. Nfe5 {[%emt 0:05:13]} Ndf6 {[%emt 0:11:54]} 18. f3 {[%emt 0:13:45]} Nd6 {[%emt 0:00:12]} 19. dxc5 {[%emt 0:04:15]} Nxc4 {[%emt 0:02:39]} 20. Nxc4 {[%emt 0:00:07]} Bxc5 {[%emt 0:00:31]} 21. Bg3 {[%emt 0:01:20]} Qe7 {[%emt 0:02:30]} 22. Kh1 {[%emt 0:05:44]} Ba6 {[%emt 0:05:46]} 23. Ne5 {[%emt 0:04:35]} Bxd3 {[%emt 0:07:12]} 24. Rxd3 {[%emt 0:00:11]} Rac8 {[%emt 0:04:14]} 25. Rad1 {[%emt 0:00:24]} Nd5 {[%emt 0:09:18]} 26. e4 {[%emt 0:02:33]} Nb6 {[%emt 0:00:07]} 27. b3 {[%emt 0:04:07]} Rfe8 {[%emt 0:06:30]} 28. Qd2 {[%emt 0:05:54]} Qb7 {[%emt 0:03:19]} 29. h4 {[%emt 0:02:21]} f6 {[%emt 0:02:43]} 30. Ng4 {[%emt 0:04:23]} h5 {[%emt 0:00:42]} 31. Ne3 {[%emt 0:01:17]} Be7 {[%emt 0:01:58]} 32. Nc2 {[%emt 0:05:11]} Red8 {[%emt 0:00:24]} 33. Rxd8+ {[%emt 0:01:15]} Rxd8 {[%emt 0:00:14]} 34. Qe2 {[%emt 0:00:09]} Rxd1+ {[%emt 0:00:30]} 35. Qxd1 {[%emt 0:00:05]} Nd7 {[%emt 0:00:42]} 36. Bd6 {[%emt 0:00:58]} Kf7 {[%emt 0:00:31]} 37. Bxe7 {[%emt 0:01:17]} Kxe7 {[%emt 0:00:02]} 38. Ne3 {[%emt 0:00:33]} Qc7 {[%emt 0:00:46]} 39. Nc4 {[%emt 0:00:32]} Nc5 {[%emt 0:00:45]} 40. Kg1 {[%emt 0:01:00]} g6 {[%emt 0:00:39]} 41. Qc2 {[%emt 0:02:26]} Nd7 {[%emt 0:04:15]} 42. Qf2 {[%emt 0:01:27]} Ne5 {[%emt 0:08:18]} 43. Nxe5 {[%emt 0:00:58]} fxe5 {[%emt 0:00:09]} 44. Qe3 {[%emt 0:01:55]} Qc3 {[%emt 0:06:59]} 45. Kf2 {[%emt 0:01:57]} Qc2+ {[%emt 0:02:10]} 1/2-1/2

[Event "DEN-ch KK 2020"]
[Site "Svendborg"]
[Date "2020.10.12"]
[Round "1.5"]
[White "Laursen, Niels Norskov"]
[Black "Liu, Casper"]
[Result "1/2-1/2"]
[WhiteElo "2247"]
[BlackElo "2155"]
[Annotator "NA"]
[PlyCount "54"]
[EventDate "2020.10.09"]
[EventType "tourn"]
[EventCountry "DEN"]
[SourceTitle "playchess.com"]
[Source "ChessBase"]
[SourceQuality "1"]
[TimeControl "40/5400+30:1800+30"]

1. e4 {[%emt 0:00:00]} c5 {[%emt 0:00:00]} 2. Nf3 {[%emt 0:00:00]} d6 {[%emt 0:00:00]} 3. d4 {[%emt 0:00:00]} cxd4 {[%emt 0:00:00]} 4. Nxd4 {[%emt 0:00:04]} Nf6 {[%emt 0:00:04]} 5. Nc3 {[%emt 0:00:09]} Nc6 {[%emt 0:00:02]} 6. Bg5 {[%emt 0:00:24]} Bd7 {[%emt 0:00:05]} 7. Qd2 {[%emt 0:00:45]} Rc8 {[%emt 0:00:06]} 8. Nb3 {[%emt 0:03:38]} a5 {[%emt 0:06:05]} 9. a4 {[%emt 0:04:00]} Nb4 {[%emt 0:02:40]} 10. Bd3 {[%emt 0:07:51]} Ng4 {[%emt 0:03:52]} 11. h3 {[%emt 0:06:57]} Ne5 {[%emt 0:00:10]} 12. Nd4 {[%emt 0:07:29]} g6 {[%emt 0:04:17]} 13. O-O {[%emt 0:11:14]} Bg7 {[%emt 0:00:23]} 14. Bh6 {[%emt 0:03:34]} O-O $14 {[%emt 0:02:25]} 15. Bxg7 {[%emt 0:01:08]} Kxg7 {[%emt 0:00:02]} 16. f4 {[%emt 0:07:47]} Nexd3 {[%emt 0:04:01]} 17. cxd3 {[%emt 0:00:10]} Qb6 {[%emt 0:02:27]} 18. Qf2 {[%emt 0:00:29]} Qa6 {[%emt 0:00:30]} 19. f5 {[%emt 0:06:02]} Nxd3 {[%emt 0:01:06]} 20. f6+ {[%emt 0:02:45]} Kg8 {[%emt 0:01:14]} 21. Qe3 {[%emt 0:03:00]} exf6 {[%emt 0:00:17]} 22. Nd5 {[%emt 0:01:02]} Kg7 {[%emt 0:01:19]} 23. Nxf6 {[%emt 0:02:16]} Be6 {[%emt 0:03:47]} 24. Rad1 {[%emt 0:09:54]} Ne5 {[%emt 0:02:45]} 25. Qg5 {[%emt 0:07:22]} Qb6 {[%emt 0:03:38]} 26. Nh5+ {[%emt 0:10:06]} Kg8 {[%emt 0:00:05]} 27. Nf6+ {[%emt 0:00:29]} Kg7 {[%emt 0:00:04]} 1/2-1/2

[Event "DEN-ch KK 2020"]
[Site "Svendborg"]
[Date "2020.10.12"]
[Round "1.6"]
[White "Easwaralingam, Adesh"]
[Black "Nordenbaek, Jan"]
[Result "1-0"]
[WhiteElo "2110"]
[BlackElo "2238"]
[Annotator "NA"]
[PlyCount "79"]
[EventDate "2020.10.09"]
[EventType "tourn"]
[EventCountry "DEN"]
[SourceTitle "playchess.com"]
[Source "ChessBase"]
[SourceQuality "1"]
[TimeControl "40/5400+30:1800+30"]

1. e4 {[%emt 0:00:00]} c5 {[%emt 0:00:02]} 2. Nf3 {[%emt 0:00:00]} Nc6 {[%emt 0:00:27]} 3. Bb5 {[%emt 0:00:11]} d6 {[%emt 0:01:09]} 4. O-O {[%emt 0:00:14]} Bd7 {[%emt 0:07:02]} 5. Re1 {[%emt 0:01:10]} a6 {[%emt 0:06:06]} 6. Bc4 {[%emt 0:01:36]} b5 {[%emt 0:10:14]} 7. Bf1 {[%emt 0:00:14]} e5 {[%emt 0:05:58]} 8. c3 {[%emt 0:00:20]} g5 {[%emt 0:00:43]} 9. Kh1 {[%emt 0:14:41]} g4 {[%emt 0:06:55]} 10. Ng1 {[%emt 0:07:58]} Qf6 {[%emt 0:02:16]} 11. a4 {[%emt 0:05:53]} b4 {[%emt 0:00:49]} 12. Bc4 {[%emt 0:01:47]} h5 {[%emt 0:08:34]} 13. Rf1 {[%emt 0:06:14]} Be6 {[%emt 0:06:00]} 14. Qe2 {[%emt 0:09:19]} Bxc4 {[%emt 0:00:20]} 15. Qxc4 {[%emt 0:00:05]} Qe6 {[%emt 0:00:11]} 16. Qe2 {[%emt 0:04:00]} Na5 {[%emt 0:02:48]} 17. d4 {[%emt 0:01:29]} exd4 {[%emt 0:04:49]} 18. cxd4 {[%emt 0:01:43]} cxd4 19. Nd2 {[%emt 0:00:36]} Bg7 {[%emt 0:13:45]} 20. Qd3 {[%emt 0:04:21]} Ne7 {[%emt 0:08:41]} 21. Ne2 {[%emt 0:09:05]} Nec6 {[%emt 0:00:25]} 22. Nf4 Qd7 {[%emt 0:00:29]} 23. Nd5 {[%emt 0:02:20]} Qb7 {[%emt 0:01:23]} 24. f4 {[%emt 0:14:17]} Ne7 {[%emt 0:00:04]} 25. Nxe7 {[%emt 0:01:20]} Qxe7 {[%emt 0:03:38]} 26. b3 {[%emt 0:00:28]} O-O {[%emt 0:05:39]} 27. Bb2 {[%emt 0:08:22]} d5 {[%emt 0:02:00]} 28. e5 {[%emt 0:00:43]} Nc6 {[%emt 0:01:27]} 29. Rac1 {[%emt 0:00:19]} Rfc8 30. Bxd4 {[%emt 0:00:07]} Nxd4 {[%emt 0:01:00]} 31. Qxd4 h4 {[%emt 0:00:19]} 32. Qxd5 {[%emt 0:03:50]} Rd8 {[%emt 0:00:54]} 33. Qe4 {[%emt 0:00:45]} Ra7 {[%emt 0:00:32]} 34. Nc4 {[%emt 0:01:09]} h3 {[%emt 0:00:26]} 35. gxh3 {[%emt 0:00:49]} gxh3 {[%emt 0:01:33]} 36. Ne3 {[%emt 0:00:50]} Qe6 37. Rg1 {[%emt 0:00:32]} Kh8 {[%emt 0:01:12]} 38. f5 {[%emt 0:00:05]} Qxe5 {[%emt 0:00:05]} 39. Qh4+ Kg8 40. Qxd8+ 1-0

[Event "DEN-ch KK 2020"]
[Site "Svendborg"]
[Date "2020.10.12"]
[Round "1.7"]
[White "Hansen, Lars Bo"]
[Black "Rossen, Claus"]
[Result "1/2-1/2"]
[WhiteElo "2560"]
[BlackElo "2099"]
[Annotator "TA"]
[PlyCount "147"]
[EventDate "2020.10.09"]
[EventType "tourn"]
[EventCountry "DEN"]
[SourceTitle "playchess.com"]
[Source "ChessBase"]
[SourceQuality "1"]

{[%evp 12,147,51,26,54,39,35,6,11,1,4,0,25,26,12,24,28,22,60,59,80,86,141,68,77,52,76,14,20,19,80,76,81,84,112,113,112,97,107,109,112,113,119,94,92,84,97,68,83,18,76,69,75,70,70,70,102,101,116,116,127,131,130,116,133,136,124,68,82,0,137,131,141,128,177,166,170,164,164,164,139,99,170,163,211,122,129,112,129,123,129,131,254,254,232,213,216,201,244,145,147,0,33,37,38,0,0,0,0,0,0,0,6,0,0,0,0,0,0,0,0,0,0,0,0,0,0,0,0,0,0,0,0,0,0,0,0,0]} 1. e4 g6 2. d4 Bg7 3. Nc3 d6 4. Be3 c6 5. Qd2 b5 6. Nf3 Nf6 7. Bd3 Qc7 {B08: Pirc Defence: Classical System.} 8. O-O O-O 9. e5 dxe5 {[#]} 10. dxe5 $146 ({Predecessor:} 10. Nxe5 Nbd7 11. Bf4 Nxe5 12. Bxe5 Qb6 13. Rfe1 Rd8 14. a4 b4 15. Ne4 Nxe4 16. Rxe4 Bxe5 17. dxe5 {1-0 (52) Austin,N (800)-Stergiou,G (1903) LSS email 2014}) 10... Ng4 11. Bf4 {And now e6! would win.} Nxe5 12. Nxe5 Bxe5 13. Bxe5 Qxe5 14. Rfe1 Qc7 15. Qh6 e5 16. a4 Bb7 (16... Nd7 $142) 17. axb5 (17. Re3 $1 $16) 17... cxb5 $14 18. Bxb5 {Threatens to win with Ra4.} Nd7 19. Bxd7 (19. Qh4 $16) 19... Qxd7 $11 20. Rxe5 $40 {[%mdl 128] White mounts an attack.} Rfe8 (20... Rae8 $1 $11 21. Rxe8 Rxe8) 21. Rae1 $16 Rxe5 22. Rxe5 Rd8 {( -> ...Qd1+!)} 23. Qe3 Bc6 24. h4 Qg4 {[%csl Gc6][%cal Rg4g2]} 25. Qg5 Qd4 26. Re1 {Hoping for Rd1.} f6 27. Qe3 Qxe3 28. Rxe3 {[%mdl 4096] Endgame KRB-KRN} Kf7 29. g3 a5 30. b3 (30. Rd3 $16 Rxd3 31. cxd3) 30... Rc8 (30... g5 $11 {remains equal.}) 31. Kf1 g5 32. Ke2 gxh4 33. gxh4 Rg8 34. Rg3 Rd8 35. Rg4 Bb7 36. Ke3 Re8+ 37. Kd2 Re5 38. Rc4 Kg6 39. Rc7 (39. Ne2 $16) 39... Bf3 $14 40. Rc4 (40. Rc8 $16) 40... h6 (40... Bb7 $1 $11 {keeps the balance.}) 41. Rf4 $16 Bc6 42. Ne2 Be4 {intending ...Bxc2.} 43. Ng3 Bc6 44. Rd4 a4 45. bxa4 Ra5 46. Rd6 Bxa4 {[#]} (46... Ba8 $16) 47. c4 $1 $18 Kf7 48. Kc3 (48. Ne4 $18) 48... Be8 $16 49. Rb6 Ra3+ 50. Kd4 Rf3 51. Ne4 Ba4 {[#]} (51... Ke7 $16) 52. c5 $1 $18 Bc2 53. Nd6+ Ke7 54. Kd5 Bb3+ 55. Kc6 (55. Ke4 $18 Rc3 56. Nf5+ Kd7 57. Nd4 (57. Rxf6 Rxc5 58. Nd4 Bc2+ 59. Nxc2 Rxc2 $16) (57. Nxh6 Rc4+ 58. Ke3 Bc2 $18) 57... f5+ 58. Nxf5) 55... Ba4+ $16 56. Kd5 ({White should play} 56. Kc7 $16) 56... Rxf2 57. Rb7+ Bd7 58. Ne4 Rf5+ {The position is equal.} 59. Kd4 Kd8 60. Rb6 Rf4 61. Rxf6 Rxh4 62. Kd5 Ke7 63. Rb6 Rh5+ 64. Kd4 Rh4 65. Rb7 {Strongly threatening c6.} Ke6 66. Rb6+ Ke7 67. Ke5 Rh5+ 68. Kd4 {Black must now prevent Rb7.} Rh4 69. Ke3 Rh3+ 70. Kd4 Rh4 71. Ke5 Rh5+ 72. Kd4 {Rb7 is the strong threat.} Rh4 73. Ke5 Rh5+ 74. Kd4 {Black escapes into a draw. Accuracy: White = 72%, Black = 72%.} 1/2-1/2

[Event "DEN-ch KK 2020"]
[Site "Svendborg"]
[Date "2020.10.12"]
[Round "1.8"]
[White "Steffensen, Elena"]
[Black "Rewitz, Poul"]
[Result "0-1"]
[WhiteElo "2081"]
[BlackElo "2222"]
[Annotator "NA"]
[PlyCount "88"]
[EventDate "2020.10.09"]
[EventType "tourn"]
[EventCountry "DEN"]
[SourceTitle "playchess.com"]
[Source "ChessBase"]
[SourceQuality "1"]
[TimeControl "40/5400+30:1800+30"]

1. e4 {[%emt 0:00:00]} c6 {[%emt 0:00:00]} 2. Nc3 {[%emt 0:00:32]} d5 {[%emt 0:00:11]} 3. Nf3 {[%emt 0:00:38]} dxe4 {[%emt 0:00:47]} 4. Nxe4 {[%emt 0:00:06]} Nf6 {[%emt 0:00:17]} 5. Nxf6+ {[%emt 0:00:16]} exf6 {[%emt 0:00:08]} 6. Bc4 {[%emt 0:02:13]} Qe7+ {[%emt 0:01:34]} 7. Qe2 {[%emt 0:02:20]} Bg4 {[%emt 0:03:00]} 8. O-O {[%emt 0:07:19]} Qxe2 {[%emt 0:05:56]} 9. Bxe2 {[%emt 0:00:05]} Bd6 {[%emt 0:01:18]} 10. h3 $11 {[%emt 0:03:24]} Bh5 {[%emt 0:03:55]} 11. Nd4 {[%emt 0:14:03]} Bxe2 {[%emt 0:10:45]} 12. Re1 {[%emt 0:03:10]} Kd7 {[%emt 0:05:45]} 13. Rxe2 {[%emt 0:00:31]} Na6 {[%emt 0:03:04]} 14. d3 {[%emt 0:06:33]} Rhe8 {[%emt 0:07:22]} 15. Be3 {[%emt 0:03:48]} g6 {[%emt 0:01:29]} 16. Rae1 {[%emt 0:04:29]} Nb4 {[%emt 0:03:39]} 17. Nb3 {[%emt 0:07:45]} b6 {[%emt 0:08:33]} 18. d4 {[%emt 0:10:43]} f5 {[%emt 0:02:30]} 19. a3 {[%emt 0:04:13]} Nd5 {[%emt 0:02:02]} 20. c4 {[%emt 0:01:17]} Nf4 {[%emt 0:03:54]} 21. Bxf4 {[%emt 0:00:57]} Rxe2 {[%emt 0:00:56]} 22. Rxe2 {[%emt 0:00:10]} Bxf4 {[%emt 0:00:06]} 23. g3 {[%emt 0:01:35]} Bd6 {[%emt 0:02:53]} 24. Kf1 {[%emt 0:05:13]} h5 {[%emt 0:00:39]} 25. Nd2 {[%emt 0:02:29]} g5 {[%emt 0:13:29]} 26. Nf3 {[%emt 0:03:33]} f6 {[%emt 0:00:35]} 27. b4 {[%emt 0:01:07]} f4 {[%emt 0:04:58]} 28. g4 {[%emt 0:01:58]} a5 {[%emt 0:02:21]} 29. c5 {[%emt 0:02:16]} hxg4 {[%emt 0:00:51]} 30. hxg4 {[%emt 0:00:58]} Bc7 {[%emt 0:00:36]} 31. d5 {[%emt 0:04:29]} cxd5 {[%emt 0:02:44]} 32. Rd2 {[%emt 0:00:08]} axb4 {[%emt 0:01:25]} 33. axb4 {[%emt 0:00:36]} Ra1+ {[%emt 0:04:58]} 34. Kg2 {[%emt 0:00:52]} bxc5 {[%emt 0:01:39]} 35. Rxd5+ {[%emt 0:00:29]} Ke6 {[%emt 0:00:39]} 36. Rxc5 {[%emt 0:00:21]} Be5 {[%emt 0:00:37]} 37. Rc6+ {[%emt 0:04:35]} Kd5 {[%emt 0:00:32]} 38. Nxe5 {[%emt 0:01:08]} fxe5 {[%emt 0:00:53]} 39. Rg6 {[%emt 0:00:45]} Ke4 {[%emt 0:00:24]} 40. Rxg5 {[%emt 0:01:03]} f3+ {[%emt 0:00:23]} 41. Kh2 {[%emt 0:31:17]} Rf1 {[%emt 0:30:54]} 42. b5 {[%emt 0:00:00]} Rxf2+ {[%emt 0:00:00]} 43. Kg1 {[%emt 0:00:00]} Rb2 {[%emt 0:00:00]} 44. Rg8 {[%emt 0:00:00]} Ke3 {[%emt 0:00:00]} 0-1

[Event "DEN-ch KK 2020"]
[Site "Svendborg"]
[Date "2020.10.12"]
[Round "1.9"]
[White "Thuesen, Mogens"]
[Black "Kakulidis, Ellen"]
[Result "0-1"]
[WhiteElo "2210"]
[BlackElo "2073"]
[Annotator "NA"]
[PlyCount "74"]
[EventDate "2020.10.09"]
[EventType "tourn"]
[EventCountry "DEN"]
[SourceTitle "playchess.com"]
[Source "ChessBase"]
[SourceQuality "1"]
[TimeControl "40/5400+30:1800+30"]

1. d4 {[%emt 0:00:00]} Nf6 {[%emt 0:00:00]} 2. c4 {[%emt 0:00:54]} g6 {[%emt 0:00:00]} 3. Nc3 {[%emt 0:01:58]} d5 {[%emt 0:00:03]} 4. cxd5 {[%emt 0:00:53]} Nxd5 {[%emt 0:00:15]} 5. e4 {[%emt 0:00:05]} Nxc3 {[%emt 0:00:55]} 6. bxc3 {[%emt 0:00:07]} Bg7 {[%emt 0:00:39]} 7. Bc4 {[%emt 0:00:13]} O-O {[%emt 0:02:01]} 8. Ne2 {[%emt 0:00:05]} c5 {[%emt 0:02:27]} 9. Be3 {[%emt 0:02:44]} Qa5 {[%emt 0:08:43]} 10. O-O {[%emt 0:01:23]} Nc6 {[%emt 0:01:33]} 11. Rb1 $14 {[%emt 0:02:35]} a6 {[%emt 0:08:39]} 12. f4 {[%emt 0:17:30]} b5 {[%emt 0:14:06]} 13. Bd5 {[%emt 0:02:15]} Bb7 {[%emt 0:05:36]} 14. f5 {[%emt 0:13:12]} Rad8 {[%emt 0:12:48]} 15. Qb3 {[%emt 0:12:59]} gxf5 {[%emt 0:10:22]} 16. Bxc6 {[%emt 0:09:39]} Bxc6 {[%emt 0:00:10]} 17. d5 {[%emt 0:00:13]} c4 {[%emt 0:04:30]} 18. Qc2 {[%emt 0:00:08]} Ba8 {[%emt 0:00:30]} 19. Rxf5 {[%emt 0:01:04]} e6 {[%emt 0:04:52]} 20. Rh5 {[%emt 0:02:50]} exd5 {[%emt 0:02:03]} 21. e5 {[%emt 0:05:16]} h6 {[%emt 0:01:39]} 22. Nd4 {[%emt 0:02:10]} Qb6 {[%emt 0:00:58]} 23. Nf5 {[%emt 0:06:18]} d4 {[%emt 0:00:33]} 24. cxd4 {[%emt 0:00:11]} Qb7 {[%emt 0:05:35]} 25. Nxg7 {[%emt 0:07:33]} Qe4 {[%emt 0:00:14]} 26. Qxe4 {[%emt 0:04:28]} Bxe4 {[%emt 0:00:07]} 27. Re1 {[%emt 0:00:17]} Kxg7 {[%emt 0:01:15]} 28. Bxh6+ {[%emt 0:00:09]} Kg6 {[%emt 0:00:45]} 29. Rh4 {[%emt 0:02:33]} Rh8 {[%emt 0:01:36]} 30. Rexe4 {[%emt 0:00:06]} Rxh6 {[%emt 0:00:06]} 31. Reg4+ {[%emt 0:02:19]} Kh7 {[%emt 0:00:37]} 32. Rxh6+ {[%emt 0:00:28]} Kxh6 {[%emt 0:00:04]} 33. Kf2 {[%emt 0:00:21]} b4 {[%emt 0:00:26]} 34. Ke3 {[%emt 0:00:12]} b3 {[%emt 0:00:28]} 35. axb3 {[%emt 0:00:46]} cxb3 {[%emt 0:00:06]} 36. Kd3 {[%emt 0:02:30]} Rb8 {[%emt 0:01:51]} 37. Rf4 {[%emt 0:01:28]} b2 {[%emt 0:00:22]} 0-1